Európai állampolgárság fogalmának bemutatása angliai munkavállaláson keresztül

Bibliographic Details
Main Author: Kis Géza
Other Authors: Buday-Sántha Dr. Andrea
Format: Thesis
Kulcsszavak:Európai Unió
Állampolgárság
Anglia
Munkavállalás
Szabályzatok
Esettanulmány
Online Access:http://dolgozattar.uni-bge.hu/1865

MARC

LEADER 00000nta a2200000 i 4500
001 dolg1865
005 20160331114839.0
008 150824suuuu hu om 000 hun d
040 |a BGE Dolgozattár Repozitórium  |b hun 
041 |a hu 
100 1 |a Kis Géza 
245 1 0 |a Európai állampolgárság fogalmának bemutatása angliai munkavállaláson keresztül  |c Kis Géza  |h [elektronikus dokumentum] 
695 |a Európai Unió 
695 |a Állampolgárság 
695 |a Anglia 
695 |a Munkavállalás 
695 |a Szabályzatok 
695 |a Esettanulmány 
700 1 |a Buday-Sántha Dr. Andrea  |e ths 
856 4 0 |u http://dolgozattar.uni-bge.hu/1865/1/Szakdolgozat%20-%20Kis%20G%C3%A9za%20-%20YFD68I.pdf  |z Dokumentum-elérés